[Event "Festival de Calviá 2016 - Aficionados"]
[Site "Calvia ESP"]
[Date "2016.10.08"]
[Round "1.1"]
[White "Ustianovich, Nazar"]
[Black "Bosschem, Eddy"]
[Result "1-0"]
[WhiteElo "2316"]
[BlackElo "1881"]
[PlyCount "95"]
[EventDate "2016.10.08"]
[EventType "swiss"]
[EventRounds "9"]
[EventCountry "ESP"]
[SourceTitle "Ajedrez en Madrid"]
[Source "lmi"]
[SourceDate "2016.10.08"]

1. d4 d5 2. Nf3 Nf6 3. c4 c6 4. Nbd2 Bf5 5. Nh4 Bg6 6. Nxg6 hxg6 7. e3 e6 8.
Be2 Nbd7 9. a3 a5 10. b3 Qb8 11. g3 Be7 12. Bb2 b6 13. Qc2 Qb7 14. Rc1 O-O 15.
O-O Rfc8 16. e4 dxe4 17. Nxe4 Nxe4 18. Qxe4 Nf6 19. Qg2 Qd7 20. a4 Rd8 21. Rfd1
Rac8 22. h4 Qc7 23. Rc2 Bb4 24. Qf3 Qe7 25. Bf1 Ba3 26. Ba1 Bd6 27. Re2 Re8 28.
Re3 Qc7 29. Rde1 Kf8 30. Bh3 Rcd8 31. R3e2 Bb4 32. Rc1 Kg8 33. Bg2 Ra8 34. Rd1
Red8 35. Bb2 Qd7 36. Bh3 b5 37. axb5 cxb5 38. Rc1 Rab8 39. d5 Qb7 40. Bxf6 gxf6
41. Qxf6 exd5 42. c5 Re8 43. c6 Qc7 44. Rxe8+ Rxe8 45. h5 gxh5 46. Qg5+ Kf8 47.
Qh6+ Kg8 48. Bf5 1-0

[Event "Festival de Calviá 2016 - Aficionados"]
[Site "Calvia ESP"]
[Date "2016.10.08"]
[Round "1.2"]
[White "Cerdo Fernandez, Miguel"]
[Black "Viskelis, Darius"]
[Result "0-1"]
[WhiteElo "1880"]
[BlackElo "2305"]
[PlyCount "74"]
[EventDate "2016.10.08"]
[EventType "swiss"]
[EventRounds "9"]
[EventCountry "ESP"]
[SourceTitle "Ajedrez en Madrid"]
[Source "lmi"]
[SourceDate "2016.10.08"]

1. e4 c5 2. Nf3 g6 3. d4 cxd4 4. Nxd4 Bg7 5. Be3 Nf6 6. Nc3 Nc6 7. Be2 d5 8.
exd5 Nxd5 9. Nxd5 Qxd5 10. Bf3 Qc4 11. c3 Nxd4 12. Bxd4 e5 13. Be3 O-O 14. Qd5
Qh4 15. O-O Be6 16. Qxb7 Rab8 17. Qxa7 Rxb2 18. Bc5 Rc8 19. Rfe1 Qc4 20. Bb4 f5
21. Bd1 Rxa2 22. Rxa2 Qxa2 23. Qxa2 Bxa2 24. Ba4 e4 25. Bb5 Be6 26. f3 Bxc3 27.
Bxc3 Rxc3 28. fxe4 f4 29. Kf2 g5 30. g3 Kf7 31. gxf4 gxf4 32. Rd1 Kf6 33. Bd7
Bc4 34. Bf5 Rc2+ 35. Kg1 f3 36. Bh3 f2+ 37. Kh1 Be2 0-1

[Event "Festival de Calviá 2016 - Aficionados"]
[Site "Calvia ESP"]
[Date "2016.10.08"]
[Round "1.3"]
[White "Reuker, Jari"]
[Black "Holliman, Bob"]
[Result "1-0"]
[WhiteElo "2269"]
[BlackElo "1877"]
[PlyCount "131"]
[EventDate "2016.10.08"]
[EventType "swiss"]
[EventRounds "9"]
[EventCountry "ESP"]
[SourceTitle "Ajedrez en Madrid"]
[Source "lmi"]
[SourceDate "2016.10.08"]

1. e4 e6 2. d4 d5 3. Nd2 c5 4. exd5 Qxd5 5. Ngf3 cxd4 6. Bc4 Qd8 7. O-O Qc7 8.
Qe2 Nc6 9. Nb3 Bd6 10. Nbxd4 Nxd4 11. Nxd4 a6 12. Nf5 Bxh2+ 13. Kh1 Be5 14. Re1
g6 15. Qxe5 Qxe5 16. Rxe5 gxf5 17. a4 Bd7 18. Ra3 Ne7 19. a5 Bc6 20. Bf1 Rd8
21. Re1 h5 22. c4 h4 23. Rh3 Ng6 24. b4 Rg8 25. b5 axb5 26. cxb5 Bd5 27. a6
bxa6 28. bxa6 Ke7 29. Kh2 f6 30. Rc3 Rc8 31. Ba3+ Kd7 32. Rec1 Rxc3 33. Rxc3
Rb8 34. a7 Rc8 35. Bb5+ Kd8 36. Bc5 Ra8 37. Bb6+ Ke7 38. Rc7+ Kd6 39. Rd7+ Ke5
40. f3 f4 41. Rf7 Nf8 42. Kh3 f5 43. Ba6 Kd6 44. Bc7+ Kc6 45. Bxf4 Nd7 46. Bb8
Rxb8 47. axb8=Q Nxb8 48. Bb7+ Kd6 49. Kxh4 Bxb7 50. Rxb7 Nc6 51. Kg5 Ne7 52.
Rb6+ Kd7 53. Rb2 Nd5 54. Kg6 Ke7 55. Rb7+ Kd6 56. Kf7 f4 57. Rb2 Ne3 58. Re2
Ke5 59. Kg6 Kd4 60. Kg5 e5 61. Ra2 Nc4 62. Ra4 Kd5 63. Kf6 Ne3 64. Ra5+ Kd6 65.
Ra2 Kd5 66. Rd2+ 1-0

[Event "Festival de Calviá 2016 - Aficionados"]
[Site "Calvia ESP"]
[Date "2016.10.08"]
[Round "1.4"]
[White "Drillat, Michel"]
[Black "Galiana Salom, Juan Ramon"]
[Result "0-1"]
[WhiteElo "1862"]
[BlackElo "2262"]
[PlyCount "80"]
[EventDate "2016.10.08"]
[EventType "swiss"]
[EventRounds "9"]
[EventCountry "ESP"]
[SourceTitle "Ajedrez en Madrid"]
[Source "lmi"]
[SourceDate "2016.10.08"]

1. d4 f5 2. c4 d6 3. Nf3 c6 4. Nc3 g6 5. e4 Bg7 6. Bd3 Nh6 7. Bxh6 Bxh6 8. exf5
Bxf5 9. Bxf5 gxf5 10. Ng5 Bxg5 11. Qh5+ Kd7 12. Qxg5 Qf8 13. O-O Rg8 14. Qd2
Na6 15. f4 Qf7 16. d5 Rg6 17. Rae1 Rag8 18. Rf2 R8g7 19. Re3 h5 20. Rfe2 Qg8
21. Kh1 h4 22. Qe1 Qh7 23. a3 Rg4 24. Rf3 Qg6 25. Qf1 Qf6 26. Qd1 Nc5 27. dxc6+
bxc6 28. h3 Rg3 29. Rxg3 Rxg3 30. Rf2 Nd3 31. Rd2 Nxb2 32. Rxb2 Qxc3 33. Rb7+
Ke6 34. Qh5 Qc1+ 35. Kh2 Qxf4 36. Kg1 Rxa3 37. Qg6+ Ke5 38. Rxe7+ Kd4 39. Qf6+
Kxc4 40. Qe6+ Kc3 0-1

[Event "Festival de Calviá 2016 - Aficionados"]
[Site "Calvia ESP"]
[Date "2016.10.08"]
[Round "1.5"]
[White "Garcia Del Rey, Senen"]
[Black "Harlinska, Sandra"]
[Result "1-0"]
[WhiteElo "2253"]
[BlackElo "1861"]
[PlyCount "59"]
[EventDate "2016.10.08"]
[EventType "swiss"]
[EventRounds "9"]
[EventCountry "ESP"]
[SourceTitle "Ajedrez en Madrid"]
[Source "lmi"]
[SourceDate "2016.10.08"]

1. c4 Nf6 2. Nc3 g6 3. e4 d6 4. d4 Bg7 5. f3 O-O 6. Bg5 c5 7. d5 h6 8. Be3 Qa5
9. Qd2 Kh7 10. a4 Na6 11. Nge2 Nb4 12. Ng3 Bd7 13. Be2 a6 14. Ra3 Rae8 15. O-O
e5 16. Na2 Ng8 17. Nxb4 cxb4 18. Rb3 Bxa4 19. Rxb4 b5 20. b3 f5 21. exf5 gxf5
22. Bd3 bxc4 23. Bb6 c3 24. Bxa5 cxd2 25. Rxa4 e4 26. fxe4 fxe4 27. Bc2 d1=Q
28. Rxd1 Nf6 29. Nxe4 Nxe4 30. Rxe4 1-0

[Event "Festival de Calviá 2016 - Aficionados"]
[Site "Calvia ESP"]
[Date "2016.10.08"]
[Round "1.6"]
[White "Billotti, Romain"]
[Black "Lacrosse, Marc"]
[Result "0-1"]
[WhiteElo "1853"]
[BlackElo "2247"]
[PlyCount "72"]
[EventDate "2016.10.08"]
[EventType "swiss"]
[EventRounds "9"]
[EventCountry "ESP"]
[SourceTitle "Ajedrez en Madrid"]
[Source "lmi"]
[SourceDate "2016.10.08"]

1. d4 d5 2. c4 e6 3. e3 Nf6 4. Nf3 Nbd7 5. Be2 dxc4 6. Bxc4 a6 7. O-O b5 8. Bd3
Bb7 9. Nc3 c5 10. b3 Rc8 11. Bb2 cxd4 12. exd4 Be7 13. Qe2 O-O 14. Rac1 Nb6 15.
Ne4 Qd5 16. Nc5 Bxc5 17. dxc5 Nbd7 18. Rfd1 Qh5 19. b4 Nd5 20. Qe4 Rfe8 21. Bb1
f5 22. Qh4 Qxh4 23. Nxh4 Nb8 24. a3 Nf4 25. Rc2 g5 26. Nf3 h6 27. Rcd2 Nxg2 28.
Ne5 Nh4 29. Rd6 Nc6 30. Nd7 Re7 31. Nf6+ Kf7 32. Rd7 Rc7 33. Rxc7 Rxc7 34. Ba2
Nf3+ 35. Kf1 Nxh2+ 36. Kg2 Nxb4+ 0-1

[Event "Festival de Calviá 2016 - Aficionados"]
[Site "Calvia ESP"]
[Date "2016.10.08"]
[Round "1.7"]
[White "Hristodorescu, Daniel"]
[Black "Gawle, Ireneusz"]
[Result "1-0"]
[WhiteElo "2229"]
[BlackElo "1846"]
[PlyCount "55"]
[EventDate "2016.10.08"]
[EventType "swiss"]
[EventRounds "9"]
[EventCountry "ESP"]
[SourceTitle "Ajedrez en Madrid"]
[Source "lmi"]
[SourceDate "2016.10.08"]

1. e4 e5 2. Nf3 Nc6 3. Bb5 Nge7 4. O-O g6 5. d4 exd4 6. c3 dxc3 7. Nxc3 Bg7 8.
Bg5 h6 9. Bh4 g5 10. Bg3 O-O 11. h4 g4 12. Nh2 h5 13. Nd5 Nxd5 14. Qxd5 d6 15.
Qxh5 Qe7 16. Nxg4 Bxg4 17. Qxg4 Ne5 18. Qe2 c6 19. Ba4 Qd7 20. Rad1 Rad8 21.
Bxe5 Bxe5 22. f4 Bg7 23. f5 Qe7 24. Qg4 Qf6 25. Rd3 Kh7 26. Qh5+ Bh6 27. Bb3
Rd7 28. g4 1-0

[Event "Festival de Calviá 2016 - Aficionados"]
[Site "Calvia ESP"]
[Date "2016.10.08"]
[Round "1.8"]
[White "Garrido Lluy, Javier"]
[Black "Greiff, Hakan"]
[Result "0-1"]
[WhiteElo "1845"]
[BlackElo "2212"]
[PlyCount "44"]
[EventDate "2016.10.08"]
[EventType "swiss"]
[EventRounds "9"]
[EventCountry "ESP"]
[SourceTitle "Ajedrez en Madrid"]
[Source "lmi"]
[SourceDate "2016.10.08"]

1. e4 e5 2. Nf3 Nc6 3. Nc3 Nf6 4. Bc4 Nxe4 5. Bxf7+ Kxf7 6. Nxe4 d5 7. Neg5+
Kg8 8. d3 h6 9. Nh3 Bg4 10. Be3 Qf6 11. c3 Rd8 12. Qe2 d4 13. Bd2 Bxf3 14. gxf3
Qf5 15. Ng1 dxc3 16. bxc3 Rxd3 17. Qe4 Qxe4+ 18. fxe4 Bc5 19. Ne2 Bxf2+ 20.
Kxf2 Rxd2 21. Ke3 Rd7 22. Rhg1 Kh7 0-1

[Event "Festival de Calviá 2016 - Aficionados"]
[Site "Calvia ESP"]
[Date "2016.10.08"]
[Round "1.9"]
[White "Tscharotschkin, Michael"]
[Black "Andreu Lopez, Santiago"]
[Result "1/2-1/2"]
[WhiteElo "2211"]
[BlackElo "1827"]
[PlyCount "84"]
[EventDate "2016.10.08"]
[EventType "swiss"]
[EventRounds "9"]
[EventCountry "ESP"]
[SourceTitle "Ajedrez en Madrid"]
[Source "lmi"]
[SourceDate "2016.10.08"]

1. e4 c5 2. c3 e6 3. d4 cxd4 4. cxd4 Nf6 5. e5 Nd5 6. Nf3 Bb4+ 7. Bd2 Bxd2+ 8.
Qxd2 O-O 9. Bc4 Nb6 10. Bd3 d6 11. O-O Nc6 12. Rd1 Nd5 13. Nc3 dxe5 14. Nxd5
Qxd5 15. dxe5 Nxe5 16. Bxh7+ Kh8 17. Qxd5 exd5 18. Nxe5 Kxh7 19. Rxd5 Be6 20.
Rb5 f6 21. Nf3 b6 22. h3 Rfd8 23. a4 Rac8 24. a5 Bc4 25. Rb4 b5 26. b3 Bd3 27.
a6 Rc5 28. Rd1 Rcd5 29. Rc1 R8d7 30. Rc8 R5d6 31. Rb8 Rxa6 32. Rd4 Rxd4 33.
Nxd4 Ra3 34. Rb7 a5 35. g4 Kh6 36. Kh2 g5 37. f3 Ra2+ 38. Kg3 Ra3 39. h4 gxh4+
40. Kxh4 a4 41. bxa4 bxa4 42. f4 Ra1 1/2-1/2

[Event "Festival de Calviá 2016 - Aficionados"]
[Site "Calvia ESP"]
[Date "2016.10.08"]
[Round "1.10"]
[White "Satre, Roger"]
[Black "Yanayt, Eugene"]
[Result "1-0"]
[WhiteElo "1827"]
[BlackElo "2200"]
[PlyCount "75"]
[EventDate "2016.10.08"]
[EventType "swiss"]
[EventRounds "9"]
[EventCountry "ESP"]
[SourceTitle "Ajedrez en Madrid"]
[Source "lmi"]
[SourceDate "2016.10.08"]

1. c4 e5 2. Nc3 Nc6 3. e3 f5 4. d4 Nf6 5. dxe5 Nxe5 6. Nf3 Ng6 7. Bd3 d6 8. Qc2
Ne7 9. e4 g6 10. exf5 Nxf5 11. O-O Bg7 12. Re1+ Ne7 13. Ng5 O-O 14. Ne6 Bxe6
15. Rxe6 Qd7 16. Re2 Rae8 17. Bg5 Qg4 18. Qd2 Nf5 19. h3 Qd4 20. Rae1 Re5 21.
Rxe5 dxe5 22. Nb5 Qb6 23. Bxf5 gxf5 24. Rxe5 Ne4 25. Qd5+ Kh8 26. Rxf5 Nf6 27.
Qf3 Nd7 28. Rxf8+ Nxf8 29. b3 Ne6 30. Bf6 Kg8 31. Bxg7 Nxg7 32. Qd5+ Kf8 33.
Qd8+ Kf7 34. Qxc7+ Qxc7 35. Nxc7 a6 36. Kf1 Ke7 37. Ke2 Kd6 38. Nd5 1-0

[Event "Festival de Calviá 2016 - Aficionados"]
[Site "Calvia ESP"]
[Date "2016.10.08"]
[Round "1.11"]
[White "Walton, Alan J"]
[Black "Schweighofer, Josef"]
[Result "1/2-1/2"]
[WhiteElo "2198"]
[BlackElo "1820"]
[PlyCount "101"]
[EventDate "2016.10.08"]
[EventType "swiss"]
[EventRounds "9"]
[EventCountry "ESP"]
[SourceTitle "Ajedrez en Madrid"]
[Source "lmi"]
[SourceDate "2016.10.08"]

1. d4 Nf6 2. Bg5 c5 3. d5 Qb6 4. Nc3 Qxb2 5. Bd2 Qb6 6. e4 d6 7. f4 g6 8. Nf3
Bg7 9. Rb1 Qd8 10. Bb5+ Nfd7 11. e5 O-O 12. Qe2 Nb6 13. Bc4 Nxc4 14. Qxc4 Nd7
15. exd6 exd6 16. O-O Nb6 17. Qb3 Bf5 18. Rfc1 Rb8 19. a4 Bg4 20. a5 Nd7 21.
Ne4 Nf6 22. Nf2 Bd7 23. Re1 Re8 24. Rxe8+ Qxe8 25. Re1 Qd8 26. c4 b6 27. axb6
axb6 28. Rb1 b5 29. Ng5 Bf5 30. Re1 bxc4 31. Qxc4 Rb1 32. Rxb1 Bxb1 33. Qb3 Bf5
34. h3 h6 35. Nf3 Ne4 36. g4 Nxd2 37. Nxd2 Bc8 38. Qb8 Bd4 39. Nf3 Bxf2+ 40.
Kxf2 Kg7 41. g5 h5 42. Qb2+ Kg8 43. Qb8 Kg7 44. Nd2 Qd7 45. Qb2+ Kg8 46. Ne4
Qxh3 47. Nf6+ Kf8 48. Nh7+ Kg8 49. Nf6+ Kf8 50. Nd7+ Qxd7 51. Qh8+ 1/2-1/2

[Event "Festival de Calviá 2016 - Aficionados"]
[Site "Calvia ESP"]
[Date "2016.10.08"]
[Round "1.12"]
[White "Breed, Greg J"]
[Black "Spence, David J"]
[Result "0-1"]
[WhiteElo "1801"]
[BlackElo "2192"]
[PlyCount "58"]
[EventDate "2016.10.08"]
[EventType "swiss"]
[EventRounds "9"]
[EventCountry "ESP"]
[SourceTitle "Ajedrez en Madrid"]
[Source "lmi"]
[SourceDate "2016.10.08"]

1. d4 e6 2. e4 d5 3. Nd2 Nf6 4. e5 Nfd7 5. Bd3 c5 6. c3 Nc6 7. Ne2 cxd4 8. cxd4
f6 9. exf6 Nxf6 10. O-O Bd6 11. f4 O-O 12. Nf3 Qb6 13. Kh1 Bd7 14. Ne5 Be8 15.
b3 Kh8 16. Bb2 Bh5 17. Qd2 Bxe2 18. Bxe2 Ne4 19. Qd3 Bxe5 20. fxe5 Nf2+ 21.
Rxf2 Rxf2 22. Qe3 Rf7 23. Rd1 Raf8 24. Ba3 Nb4 25. Qd2 a5 26. h3 Rc8 27. Bh5
Rff8 28. Qg5 Qd8 29. Qg3 Rc2 0-1

[Event "Festival de Calviá 2016 - Aficionados"]
[Site "Calvia ESP"]
[Date "2016.10.08"]
[Round "1.13"]
[White "Van Herck, Marcel"]
[Black "Wahl, Peter"]
[Result "1-0"]
[WhiteElo "2182"]
[BlackElo "1801"]
[PlyCount "123"]
[EventDate "2016.10.08"]
[EventType "swiss"]
[EventRounds "9"]
[EventCountry "ESP"]
[SourceTitle "Ajedrez en Madrid"]
[Source "lmi"]
[SourceDate "2016.10.08"]

1. e4 c5 2. Nf3 Nc6 3. d4 cxd4 4. Nxd4 g6 5. c4 Bg7 6. Be3 d6 7. Nc3 Nf6 8. Be2
O-O 9. O-O Bd7 10. Qd2 Ng4 11. Bxg4 Bxg4 12. f4 Rc8 13. b3 Bd7 14. Rac1 b6 15.
Rfd1 Qc7 16. Nd5 Qb7 17. Nb5 Be6 18. Nbc3 f5 19. Re1 Bf7 20. exf5 gxf5 21. Nb5
Rfd8 22. Rcd1 Rd7 23. Nb4 Nxb4 24. Qxb4 Rcd8 25. Bd4 e5 26. Bb2 a5 27. Qc3 Bh5
28. Rd5 exf4 29. Qc2 Bxb2 30. Qxb2 Re7 31. Qd2 Rxe1+ 32. Qxe1 Re8 33. Qh4 Qe7
34. Qxe7 Rxe7 35. Rxf5 Re5 36. Nxd6 Rxf5 37. Nxf5 Kf8 38. Kf2 Bg4 39. Nd4 Ke7
40. Ne2 a4 41. Nc3 axb3 42. axb3 Kd6 43. h3 Bh5 44. Na4 Kc6 45. b4 b5 46. cxb5+
Kxb5 47. Nc3+ Kc4 48. Ne2 f3 49. Nf4 Be8 50. Kxf3 Kxb4 51. Kg4 Kc4 52. Kg5 Kd4
53. Nh5 Ke5 54. g4 Bf7 55. Ng3 Ke6 56. h4 Ke7 57. Kh6 Bg6 58. h5 Bc2 59. Nf5+
Kf6 60. Kxh7 Kg5 61. Kg7 Bd1 62. h6 1-0

[Event "Festival de Calviá 2016 - Aficionados"]
[Site "Calvia ESP"]
[Date "2016.10.08"]
[Round "1.14"]
[White "Burkevica, Ilze"]
[Black "Yohan, J."]
[Result "0-1"]
[WhiteElo "1794"]
[BlackElo "2182"]
[PlyCount "66"]
[EventDate "2016.10.08"]
[EventType "swiss"]
[EventRounds "9"]
[EventCountry "ESP"]
[SourceTitle "Ajedrez en Madrid"]
[Source "lmi"]
[SourceDate "2016.10.08"]

1. d4 d5 2. Bg5 h6 3. Bf4 Nf6 4. e3 c5 5. c3 Qb6 6. Qb3 Nc6 7. Nd2 Bf5 8. dxc5
Qxb3 9. Nxb3 e5 10. Bg3 a5 11. Nf3 a4 12. Nbd2 Nd7 13. Bb5 f6 14. c4 dxc4 15.
Nxc4 Bxc5 16. O-O Ke7 17. Rfd1 g5 18. Rac1 Rhd8 19. Nfd2 h5 20. h4 g4 21. Kf1
Rdc8 22. e4 Be6 23. f4 Bd4 24. fxe5 fxe5 25. Ke2 Bxb2 26. Bxc6 Bxc1 27. Bxb7
Rxc4 28. Bxa8 Rc3 29. Bf2 Bxa2 30. Be3 a3 31. Nf1 Bc4+ 32. Kf2 g3+ 33. Kf3 a2
0-1

[Event "Festival de Calviá 2016 - Aficionados"]
[Site "Calvia ESP"]
[Date "2016.10.08"]
[Round "1.15"]
[White "Ballesteros Gonzalez, David"]
[Black "Terradas Calafell, Jaume"]
[Result "1-0"]
[WhiteElo "2167"]
[BlackElo "1788"]
[PlyCount "123"]
[EventDate "2016.10.08"]
[EventType "swiss"]
[EventRounds "9"]
[EventCountry "ESP"]
[SourceTitle "Ajedrez en Madrid"]
[Source "lmi"]
[SourceDate "2016.10.08"]

1. d4 Nf6 2. c4 c5 3. d5 b5 4. cxb5 a6 5. b6 e6 6. Nc3 Nxd5 7. Nxd5 exd5 8.
Qxd5 Nc6 9. Bg5 Be7 10. Bxe7 Qxe7 11. Rc1 Rb8 12. Qxc5 Qxc5 13. Rxc5 Rxb6 14.
Rc2 Ke7 15. Rd2 d5 16. e3 Be6 17. Nf3 d4 18. b3 dxe3 19. fxe3 Rc8 20. Be2 Nb4
21. Kf2 Nd5 22. Nd4 Nf6 23. Bf3 Rc3 24. h3 g6 25. Rhd1 a5 26. Rd3 Rc5 27. Nxe6
Rxe6 28. R1d2 Ne4+ 29. Bxe4 Rxe4 30. Rd4 Ree5 31. Ke2 h5 32. Kd3 Ke6 33. Rd8
Ke7 34. Ke2 Rc3 35. R8d3 Rcc5 36. Rd7+ Kf6 37. R7d3 Ke7 38. a3 Rg5 39. Kd1 Rgf5
40. e4 Rf1+ 41. Ke2 Rfc1 42. Rd7+ Kf6 43. Ke3 R5c3+ 44. R2d3 Re1+ 45. Kf3 Rc2
46. Rd2 Rcc1 47. a4 Rf1+ 48. Ke2 Rfe1+ 49. Kd3 Rb1 50. Rb7 Rf1 51. Kd4 Rf4 52.
Rb6+ Kg7 53. Ke3 Rff1 54. Rb5 Rfe1+ 55. Kd3 Rf1 56. Kd4 Rf4 57. Kd5 Re1 58. e5
Rfe4 59. Kd6 Rb4 60. Rxb4 axb4 61. Kc5 Rxe5+ 62. Kxb4 1-0

[Event "Festival de Calviá 2016 - Aficionados"]
[Site "Calvia ESP"]
[Date "2016.10.08"]
[Round "1.16"]
[White "Vicens Company, Maria Antonia"]
[Black "Gavrish, Leonid"]
[Result "1-0"]
[WhiteElo "1785"]
[BlackElo "2158"]
[PlyCount "67"]
[EventDate "2016.10.08"]
[EventType "swiss"]
[EventRounds "9"]
[EventCountry "ESP"]
[SourceTitle "Ajedrez en Madrid"]
[Source "lmi"]
[SourceDate "2016.10.08"]

1. d4 Nf6 2. c4 c5 3. d5 b5 4. f3 bxc4 5. e4 d6 6. Bxc4 g6 7. Ne2 Bg7 8. Nbc3
O-O 9. O-O Nbd7 10. Ng3 Ne5 11. Be2 Qb6 12. Rb1 c4+ 13. Kh1 Nd3 14. Bxd3 cxd3
15. Re1 Ng4 16. fxg4 Bxc3 17. Be3 Bd4 18. Qxd3 Bxe3 19. Rxe3 Bxg4 20. h3 Bd7
21. Qd2 Rac8 22. Rb3 Qc5 23. Rc3 Qa5 24. Rbc1 Rxc3 25. Rxc3 Qxa2 26. Ra3 Qb1+
27. Kh2 Ra8 28. Qd4 e5 29. Qb4 Bc8 30. Qxd6 Qxb2 31. Rf3 Bb7 32. Qf6 Qb6 33.
Qxf7+ Kh8 34. Qe7 1-0

[Event "Festival de Calviá 2016 - Aficionados"]
[Site "Calvia ESP"]
[Date "2016.10.08"]
[Round "1.17"]
[White "Kolotilina, Liudmila"]
[Black "Nicholson, John"]
[Result "1-0"]
[WhiteElo "2143"]
[BlackElo "1773"]
[PlyCount "47"]
[EventDate "2016.10.08"]
[EventType "swiss"]
[EventRounds "9"]
[EventCountry "ESP"]
[SourceTitle "Ajedrez en Madrid"]
[Source "lmi"]
[SourceDate "2016.10.08"]

1. e4 e6 2. d4 d5 3. e5 c5 4. c3 Nc6 5. Nf3 Nge7 6. Na3 Ng6 7. h4 cxd4 8. cxd4
Be7 9. g3 f6 10. h5 Ngxe5 11. dxe5 fxe5 12. Nc2 O-O 13. Bh3 Bc5 14. Ne3 e4 15.
Nh4 d4 16. Ng4 Nb4 17. O-O Nd3 18. Qe2 e5 19. Qxe4 Bxg4 20. Bxg4 Nxf2 21. Rxf2
Rxf2 22. Kxf2 d3+ 23. Be3 Qb6 24. Qc4+ 1-0

[Event "Festival de Calviá 2016 - Aficionados"]
[Site "Calvia ESP"]
[Date "2016.10.08"]
[Round "1.22"]
[White "Torres Mari, Juan"]
[Black "Fruebing, Thomas"]
[Result "0-1"]
[WhiteElo "1693"]
[BlackElo "2123"]
[PlyCount "108"]
[EventDate "2016.10.08"]
[EventType "swiss"]
[EventRounds "9"]
[EventCountry "ESP"]
[SourceTitle "Ajedrez en Madrid"]
[Source "lmi"]
[SourceDate "2016.10.08"]

1. d4 e6 2. c4 Bb4+ 3. Nd2 d5 4. e3 Nf6 5. Ngf3 O-O 6. a3 Be7 7. Bd3 b6 8. O-O
Bb7 9. b3 Ne4 10. Bb2 Nd7 11. Rc1 f5 12. Qe2 c6 13. Ne1 Bd6 14. g3 Qe7 15. Ng2
Nxd2 16. Qxd2 Bxa3 17. Bxa3 Qxa3 18. Qc2 Rfc8 19. f3 Qd6 20. Rfd1 Nf6 21. Nf4
c5 22. Qe2 Qe7 23. cxd5 Nxd5 24. dxc5 Rxc5 25. Rxc5 Nxf4 26. exf4 Qxc5+ 27. Kg2
Bd5 28. Bc4 Bxc4 29. bxc4 Re8 30. Qd3 Qc6 31. Qd4 Kf7 32. h4 h6 33. Ra1 Re7 34.
Rb1 Rd7 35. Qc3 Rc7 36. Rc1 Qc5 37. Qd3 b5 38. h5 bxc4 39. Qd8 Qe7 40. Qb8 c3
41. Qh8 c2 42. Qh7 Qf6 43. Qh8 Qe7 44. Qb8 Qd7 45. Kh3 Rc8 46. Qb2 Qc6 47. Qd4
Rc7 48. Qd3 a5 49. g4 Qc3 50. Qe2 fxg4+ 51. Kxg4 a4 52. Qe4 a3 53. Qg6+ Ke7 54.
Qe4 a2 0-1

[Event "Festival de Calviá 2016 - Aficionados"]
[Site "Calvia ESP"]
[Date "2016.10.08"]
[Round "1.23"]
[White "Ponce Cano, Adrian"]
[Black "Gaya Torrens, Miguel"]
[Result "1-0"]
[WhiteElo "2121"]
[BlackElo "1689"]
[PlyCount "61"]
[EventDate "2016.10.08"]
[EventType "swiss"]
[EventRounds "9"]
[EventCountry "ESP"]
[SourceTitle "Ajedrez en Madrid"]
[Source "lmi"]
[SourceDate "2016.10.08"]

1. e4 c5 2. Nf3 d6 3. c3 Nc6 4. d4 cxd4 5. cxd4 Nf6 6. Nc3 a6 7. a4 Bg4 8. Be2
e6 9. O-O Be7 10. h3 Bh5 11. d5 exd5 12. exd5 Bxf3 13. Bxf3 Ne5 14. Be2 O-O 15.
f4 Ng6 16. Bd3 Rc8 17. Be3 Re8 18. Qb3 Qd7 19. a5 Bd8 20. Bd4 h6 21. Qc2 Nxd5
22. Bxg6 fxg6 23. Qb3 Kh7 24. Qxd5 Bh4 25. f5 gxf5 26. Rxf5 Re7 27. Raf1 Rce8
28. Rf8 Rxf8 29. Rxf8 Re1+ 30. Kh2 Qe7 31. Qf5+ 1-0

[Event "Festival de Calviá 2016 - Aficionados"]
[Site "Calvia ESP"]
[Date "2016.10.08"]
[Round "1.34"]
[White "Coll Verger, Amador"]
[Black "Planas Gene, Juan"]
[Result "1/2-1/2"]
[WhiteElo "1596"]
[BlackElo "2028"]
[PlyCount "100"]
[EventDate "2016.10.08"]
[EventType "swiss"]
[EventRounds "9"]
[EventCountry "ESP"]
[SourceTitle "Ajedrez en Madrid"]
[Source "lmi"]
[SourceDate "2016.10.08"]

1. c4 f5 2. Nc3 Nf6 3. g3 g6 4. Bg2 Bg7 5. Nf3 O-O 6. O-O d6 7. d3 e5 8. Bg5 c6
9. Rb1 Be6 10. Qc1 Nbd7 11. Bh4 h6 12. Bxf6 Nxf6 13. Ne1 g5 14. e3 Qe8 15. Qd1
Qg6 16. Nf3 Rad8 17. c5 g4 18. Nh4 Qg5 19. b4 d5 20. d4 exd4 21. exd4 f4 22.
Re1 Rde8 23. Re5 f3 24. Rxg5 hxg5 25. Ng6 fxg2 26. Nxf8 Kxf8 27. Kxg2 Bf5 28.
Rb2 Ne4 29. Ne2 Nf6 30. Kg1 Be4 31. Rb3 Bf3 32. Re3 Ne4 33. Qd3 a6 34. Nc3 Re6
35. Nxe4 dxe4 36. Qd2 Bf6 37. d5 cxd5 38. Qxd5 Re7 39. Qf5 Kg7 40. Re1 Re5 41.
Qc8 Re7 42. Rc1 e3 43. fxe3 Rxe3 44. Qd7+ Re7 45. Qd6 Re4 46. Rd1 Bxd1 47. Qxd1
Rxb4 48. Qd7+ Kg6 49. Qd3+ Kg7 50. Qd7+ Kg6 1/2-1/2

[Event "Festival de Calviá 2016 - Aficionados"]
[Site "Calvia ESP"]
[Date "2016.10.08"]
[Round "1.35"]
[White "Gaitan Moyano, Juan"]
[Black "Febrero Perez, Lluis"]
[Result "1-0"]
[WhiteElo "2017"]
[BlackElo "1586"]
[PlyCount "33"]
[EventDate "2016.10.08"]
[EventType "swiss"]
[EventRounds "9"]
[EventCountry "ESP"]
[SourceTitle "Ajedrez en Madrid"]
[Source "lmi"]
[SourceDate "2016.10.08"]

1. e4 e5 2. Nf3 Nc6 3. Bb5 Nge7 4. d3 g6 5. Bg5 Bg7 6. c3 O-O 7. O-O d6 8. h3
Bd7 9. a4 a6 10. Bc4 h6 11. Be3 d5 12. exd5 Na5 13. Ba2 Bf5 14. b4 Nxd5 15.
bxa5 e4 16. Nd4 Bd7 17. Bxd5 1-0

[Event "Festival de Calviá 2016 - Aficionados"]
[Site "Calvia ESP"]
[Date "2016.10.08"]
[Round "1.38"]
[White "Ramis Sebastia, Jordi Salvador"]
[Black "Kamm, Guenter"]
[Result "0-1"]
[WhiteElo "1582"]
[BlackElo "2009"]
[PlyCount "38"]
[EventDate "2016.10.08"]
[EventType "swiss"]
[EventRounds "9"]
[EventCountry "ESP"]
[SourceTitle "Ajedrez en Madrid"]
[Source "lmi"]
[SourceDate "2016.10.08"]

1. d4 Nf6 2. c4 c5 3. d5 b5 4. cxb5 a6 5. bxa6 g6 6. g3 d6 7. Bg2 Bxa6 8. Nc3
Bg7 9. Nf3 O-O 10. O-O Nbd7 11. Re1 Qb6 12. e4 Ng4 13. h3 Nge5 14. Nxe5 Nxe5
15. Bf1 Rfb8 16. Na4 Qb4 17. b3 Qxe1 18. Qxe1 Nf3+ 19. Kg2 Nxe1+ 0-1

[Event "Festival de Calviá 2016 - Aficionados"]
[Site "Calvia ESP"]
[Date "2016.10.08"]
[Round "1.39"]
[White "Navarrete Terrasa, Sebastian"]
[Black "Koch-Muller, Victor"]
[Result "1-0"]
[WhiteElo "2009"]
[BlackElo "1547"]
[PlyCount "65"]
[EventDate "2016.10.08"]
[EventType "swiss"]
[EventRounds "9"]
[EventCountry "ESP"]
[SourceTitle "Ajedrez en Madrid"]
[Source "lmi"]
[SourceDate "2016.10.08"]

1. e4 e5 2. Nc3 Nc6 3. f4 Bc5 4. fxe5 Nxe5 5. d4 Bb4 6. dxe5 Bxc3+ 7. bxc3 Qh4+
8. Ke2 Qxe4+ 9. Be3 Qxe5 10. Qd4 Qxd4 11. Bxd4 f6 12. Kd2 d6 13. Bc4 Bd7 14.
Nf3 O-O-O 15. Rhe1 Nh6 16. h3 Rde8 17. Rxe8+ Rxe8 18. Re1 Kb8 19. g4 Ng8 20.
Rxe8+ Bxe8 21. Bxg8 h6 22. c4 Bc6 23. Bd5 Bd7 24. c5 dxc5 25. Bxc5 f5 26. Ne5
Bc8 27. Bf8 fxg4 28. hxg4 g6 29. Bxh6 b6 30. g5 Bf5 31. Nc6+ Kc8 32. Ne7+ Kd8
33. Nxf5 1-0